Normal view
MARC view
Entry Personal Name
001 - CONTROL NUMBER
- control field: 10272
003 - CONTROL NUMBER IDENTIFIER
- control field: ARRUPE
005 - DATE AND TIME OF LATEST TRANSACTION
- control field: 20140515143000.0
008 - FIXED-LENGTH DATA ELEMENTS
- fixed length control field: 140515|| aca||aabn | a|a d
040 ## - CATALOGING SOURCE
- Original cataloging agency: ARRUPE
- Transcribing agency: ARRUPE
100 ## - HEADING--PERSONAL NAME
- Personal name: Leakey, L. S. B.
- Fuller form of name: (Louis Seymour Bazett),
- Dates associated with a name: 1903-1972.
670 ## - SOURCE DATA FOUND
- Source citation: Work cat.: (ARRUPE)0: Ylla, 1910-1955. 10268, Animals in Africa,, [1953]